00854cam a2200241 i 450000100060000000300080000600500170001400800390003102000150007003500140008504000270009904100080012608200180013424500840015225000120023626000310024830000700027950001120034950000220046165000120048370000200049570000970051513160BD-RjUL20211208235420.0140130s1979 nyuaf 001 0 eng a0471021148 a(BD-RjUL) aDLCcDLCdBD-RjULbeng aeng00a581bBOT 197900aBotany :ba brief introduction to plant biology /cThomas L. Rost ... [et al.]. a5th ed. aNew York :bWiley,cc1979. a416 p. in various pagings, [3] leaves of plates :bill. ;c29 cm. aBased on Botany, an introduction to plant biology, 5th ed., by T.E. Weier, C.R. Stocking, and M.G. Barbour. aIncludes indexes. 0aBotany.1 aRost, Thomas L.1 aWeier, T. Elliotq(Thomas Elliot),d1903-tBotany, an introduction to plant biology. 5th ed.